[Event "ROM-chT (Women)"]
[Site "Mamaia"]
[Date "2019.09.25"]
[Round "3.8"]
[White "Anton, Roxana Ana"]
[Black "Obada, Ema"]
[Result "1/2-1/2"]
[WhiteElo "1873"]
[BlackElo "1987"]
[PlyCount "61"]
[EventDate "2019.09.21"]
[EventType "team-tourn"]
[EventRounds "7"]
[EventCountry "ROU"]
[SourceTitle "EXT 2020"]
[Source "ChessBase"]
[SourceDate "2019.10.17"]
[SourceVersion "1"]
[SourceVersionDate "2019.10.17"]
[SourceQuality "1"]

1. f4 d5 2. Nf3 Nf6 3. b3 e6 4. Bb2 Bd6 5. e3 0-0 6. c4 c5 7. Bd3 Nc6 8. Nc3 dxc4 9. Bxc4 e5 10. Ne2 Qe7 11. 0-0 Rb8 12. fxe5 Nxe5 13. Nxe5 Bxe5 14. Qc2 Bxb2 15. Qxb2 b5 16. Bd3 Bb7 17. Ng3 Qd6 18. Be2 Be4 19. Rxf6 Qxf6 20. Qxf6 gxf6 21. Nxe4 Rfd8 22. Rd1 f5 23. Nxc5 Rd5 24. b4 Kg7 25. Bf3 Rd6 26. Kf2 f4 27. g3 fxe3+ 28. dxe3 Rbd8 29. Rxd6 Rxd6 30. Ke2 f5 31. a3 1/2-1/2

[Event "ROM-chT (Women)"]
[Site "Mamaia"]
[Date "2019.09.24"]
[Round "2.8"]
[White "Hejja, Irisz Hanna"]
[Black "Anton, Roxana Ana"]
[Result "0-1"]
[WhiteElo "1536"]
[BlackElo "1873"]
[PlyCount "126"]
[EventDate "2019.09.21"]
[EventType "team-tourn"]
[EventRounds "7"]
[EventCountry "ROU"]
[SourceTitle "EXT 2020"]
[Source "ChessBase"]
[SourceDate "2019.10.17"]
[SourceVersion "1"]
[SourceVersionDate "2019.10.17"]
[SourceQuality "1"]

1. d4 Nf6 2. Bf4 e6 3. Nf3 b6 4. e3 Bb7 5. Nbd2 d6 6. Bd3 Nbd7 7. h3 g6 8. 0-0 Bg7 9. Bh2 0-0 10. c3 Re8 11. e4 e5 12. d5 h6 13. b4 g5 14. Qc2 Nf8 15. c4 Ng6 16. c5 Nh5 17. Bb5 Re7 18. cxd6 cxd6 19. Rac1 Nhf4 20. Rfe1 Rc8 21. Bc6 Ba6 22. Nc4 Bxc4 23. Qxc4 Rec7 24. b5 Qf6 25. Rc3 h5 26. Nd2 Bh6 27. Nf1 Nh4 28. Bxf4 gxf4 29. f3 Kh7 30. Kh1 Rg8 31. Rc2 Qg6 32. Qe2 f5 33. Be8 Qg7 34. Rxc7 Qxc7 35. Bc6 Qg7 36. Rc1 Nxg2 37. exf5 Nh4 38. Nd2 Nxf5 39. Ne4 Ng3+ 40. Nxg3 fxg3 41. Rg1 Kh8 42. Kg2 Rf8 43. Rf1 h4 44. Qe4 Rf4 45. Qe2 Rd4 46. Rd1 Rxd1 47. Qxd1 Qg5 48. Qe1 Qd2+ 49. Qxd2 Bxd2 50. Bd7 Kg7 51. Bf5 Kf6 52. Be4 Kg5 53. a4 Kf4 54. Kf1 Ke3 55. Kg2 Kd4 56. Kf1 Kc3 57. Kg2 Kb3 58. Bd3 Kxa4 59. Kf1 Kb4 60. Kg2 Kc3 61. Bf5 Kc4 62. Bd7 Kxd5 63. Bc6+ Kc5 0-1

[Event "ROM-chT (Women)"]
[Site "Mamaia"]
[Date "2019.09.23"]
[Round "1.4"]
[White "Anton, Roxana Ana"]
[Black "Nistor, Valentina"]
[Result "1/2-1/2"]
[WhiteElo "1873"]
[BlackElo "1881"]
[PlyCount "52"]
[EventDate "2019.09.21"]
[EventType "team-tourn"]
[EventRounds "7"]
[EventCountry "ROU"]
[SourceTitle "EXT 2020"]
[Source "ChessBase"]
[SourceDate "2019.10.17"]
[SourceVersion "1"]
[SourceVersionDate "2019.10.17"]
[SourceQuality "1"]

1. e4 e5 2. Nf3 Nc6 3. Bb5 a6 4. Ba4 Nf6 5. d3 b5 6. Bb3 d6 7. c3 Be7 8. 0-0 0-0 9. h3 h6 10. Re1 Na5 11. Bc2 c5 12. Nbd2 Nc6 13. Nf1 Nh7 14. Ng3 Ng5 15. Nh2 d5 16. Nhf1 d4 17. Nf5 Bf6 18. N1g3 Ne7 19. Nxe7+ Qxe7 20. Nf5 Bxf5 21. exf5 Qd7 22. h4 Nh7 23. Qg4 Kh8 24. Qh3 Rg8 25. Bd1 g6 26. Bf3 Rad8 1/2-1/2

[Event "ROM-chT (Women)"]
[Site "Calimanesti Caciulata"]
[Date "2016.11.26"]
[Round "6.3"]
[White "Visanescu, Daria Ioana"]
[Black "Anton, Roxana Ana"]
[Result "1/2-1/2"]
[WhiteElo "2078"]
[BlackElo "1858"]
[PlyCount "51"]
[EventDate "2016.11.21"]
[EventType "team-tourn"]
[EventRounds "7"]
[EventCountry "ROU"]
[SourceTitle "EXT 2018"]
[Source "ChessBase"]
[SourceDate "2017.10.13"]
[SourceVersion "1"]
[SourceVersionDate "2017.10.13"]
[SourceQuality "1"]
[WhiteTeam "Timisoara Medicina (W)"]
[BlackTeam "Arad University (W)"]
[WhiteTeamCountry "ROU"]
[BlackTeamCountry "ROU"]

1. d4 Nf6 2. Nf3 e6 3. Bf4 d5 4. c3 Nbd7 5. e3 h6 6. h3 g6 7. Bd3 Bg7 8. Nbd2 0-0 9. g4 Re8 10. Rg1 Nh7 11. Ne5 Nhf8 12. h4 Nxe5 13. Bxe5 f6 14. Bh2 e5 15. Qb3 Kh8 16. g5 e4 17. gxh6 Bxh6 18. Be2 a5 19. Qd1 Qe7 20. Bh5 Qh7 21. Bg4 f5 22. Be2 Qe7 23. Be5+ Kh7 24. Qb3 c6 25. c4 Be6 26. c5 1/2-1/2

[Event "ROM-chT (Women)"]
[Site "Calimanesti Caciulata"]
[Date "2016.11.23"]
[Round "3.1"]
[White "Bucur, Denisa Andreea"]
[Black "Anton, Roxana Ana"]
[Result "0-1"]
[WhiteElo "1835"]
[BlackElo "1858"]
[PlyCount "107"]
[EventDate "2016.11.21"]
[EventType "team-tourn"]
[EventRounds "7"]
[EventCountry "ROU"]
[SourceTitle "EXT 2018"]
[Source "ChessBase"]
[SourceDate "2017.10.13"]
[SourceVersion "1"]
[SourceVersionDate "2017.10.13"]
[SourceQuality "1"]
[WhiteTeam "Bucharest CSM (W)"]
[BlackTeam "Arad University (W)"]
[WhiteTeamCountry "ROU"]
[BlackTeamCountry "ROU"]

1. d4 Nf6 2. Nf3 e6 3. c4 Bb4+ 4. Bd2 Qe7 5. g3 0-0 6. Bg2 Bxd2+ 7. Qxd2 d6 8. Nc3 c6 9. 0-0 Re8 10. Rfd1 h6 11. a3 e5 12. dxe5 dxe5 13. Qd6 Qxd6 14. Rxd6 Bg4 15. Nd2 Nbd7 16. Rd1 Kf8 17. Nb3 a5 18. Na4 Bxe2 19. Rxd7 Nxd7 20. Rxd7 Rad8 21. Nb6 Rxd7 22. Nxd7+ Ke7 23. Nxe5 f6 24. Nf3 a4 25. Nbd2 Rd8 26. Bf1 Bxf3 27. Nxf3 Rd1 28. Kg2 Rb1 29. Nd4 Rxb2 30. Bd3 Rd2 31. Nf5+ Kf8 32. Be4 Ra2 33. Nd6 Rxa3 34. Nxb7 Rc3 35. Na5 a3 36. Bb1 Rc1 37. Ba2 Rc2 38. Bb3 Rb2 39. c5 Ke8 40. Be6 Ke7 41. Bg8 Kd7 42. h4 a2 43. Bxa2 Rxa2 44. Nb3 Rc2 45. Nd4 Rxc5 46. Kf3 g6 47. Ne2 Rf5+ 48. Kg2 c5 49. Nc3 Kc6 50. f4 c4 51. Ne4 Kd5 52. Kf3 Kd4 53. g4 Ra5 54. Nxf6 0-1

[Event "Braila Albulet Memorial (Women) 8th"]
[Site "Braila"]
[Date "2015.09.15"]
[Round "8"]
[White "Anton, Roxana Ana"]
[Black "Cosman, Andreea Marioara"]
[Result "0-1"]
[WhiteElo "1833"]
[BlackElo "2104"]
[PlyCount "62"]
[EventDate "2015.09.10"]
[EventType "swiss"]
[EventRounds "9"]
[EventCountry "ROU"]
[SourceTitle "EXT 2016"]
[Source "ChessBase"]
[SourceDate "2015.10.08"]
[SourceVersion "1"]
[SourceVersionDate "2015.10.08"]
[SourceQuality "1"]

1. e4 c5 2. Nc3 d6 3. Bb5+ Bd7 4. a4 g6 5. Nge2 Bg7 6. d3 Nc6 7. 0-0 e6 8. Bxc6 Bxc6 9. f4 Ne7 10. Qe1 0-0 11. Kh1 f5 12. Ng1 Qd7 13. b3 fxe4 14. dxe4 Bxe4 15. Nxe4 Bxa1 16. c3 d5 17. Nxc5 Qc8 18. Ba3 Bb2 19. Bxb2 Qxc5 20. Qxe6+ Rf7 21. Nf3 Qc8 22. Qe5 Nc6 23. Qxd5 Qf5 24. Qc4 Qxf4 25. Qe6 Qf5 26. Qe2 Re7 27. Qc4+ Qe6 28. Qh4 Qe2 29. Re1 Qxb2 30. Rxe7 Nxe7 31. Qxe7 Qb1+ 0-1

[Event "Braila Albulet Memorial (Women) 8th"]
[Site "Braila"]
[Date "2015.09.13"]
[Round "5"]
[White "Petrenko, Svetlana"]
[Black "Anton, Roxana Ana"]
[Result "1-0"]
[WhiteElo "2172"]
[BlackElo "1833"]
[PlyCount "47"]
[EventDate "2015.09.10"]
[EventType "swiss"]
[EventRounds "9"]
[EventCountry "ROU"]
[SourceTitle "EXT 2016"]
[Source "ChessBase"]
[SourceDate "2015.10.08"]
[SourceVersion "1"]
[SourceVersionDate "2015.10.08"]
[SourceQuality "1"]

1. Nf3 Nf6 2. g3 d5 3. Bg2 c5 4. c4 e6 5. 0-0 Be7 6. d3 0-0 7. Nc3 Nc6 8. cxd5 exd5 9. d4 Bg4 10. dxc5 Bxc5 11. Bg5 Be6 12. e3 h6 13. Bxf6 Qxf6 14. Nxd5 Qxb2 15. Nc7 Bc4 16. Qc1 Qb4 17. Rb1 Qa4 18. Nxa8 Bxf1 19. Bxf1 Ba3 20. Qc4 Qxc4 21. Bxc4 Rxa8 22. Rxb7 Rf8 23. Rc7 Nd8 24. Rxa7 1-0

[Event "Braila Albulet Memorial (Women) 8th"]
[Site "Braila"]
[Date "2015.09.10"]
[Round "1"]
[White "Sandu, Mihaela"]
[Black "Anton, Roxana Ana"]
[Result "1-0"]
[WhiteElo "2273"]
[BlackElo "1833"]
[PlyCount "69"]
[EventDate "2015.09.10"]
[EventType "swiss"]
[EventRounds "9"]
[EventCountry "ROU"]
[SourceTitle "EXT 2016"]
[Source "ChessBase"]
[SourceDate "2015.10.08"]
[SourceVersion "1"]
[SourceVersionDate "2015.10.08"]
[SourceQuality "1"]

1. e4 e6 2. d4 d5 3. Nc3 Nf6 4. Bg5 Bb4 5. e5 h6 6. Bc1 Ne4 7. Qg4 g6 8. Nge2 c5 9. a3 Nxc3 10. Nxc3 Bxc3+ 11. bxc3 Qa5 12. Bd2 Qa4 13. Bd3 Nc6 14. 0-0 c4 15. Bxg6 Rg8 16. Bxf7+ Kxf7 17. Qf3+ Ke8 18. Rfc1 Bd7 19. Bxh6 Kd8 20. Bf8 Kc7 21. Bd6+ Kc8 22. Rab1 Qa5 23. Re1 Qd8 24. Re3 Ne7 25. Qf7 Nf5 26. Rh3 Rg7 27. Qf6 Rg8 28. Qf7 Rg7 29. Qf6 Rg8 30. Qxd8+ Rxd8 31. Rh7 Nxd6 32. exd6 b6 33. Re1 Kb7 34. Rxe6 Kc6 35. Re5 1-0

[Event "ROM-ch U20 Girls"]
[Site "Calimanesti"]
[Date "2014.04.06"]
[Round "1"]
[White "Gelip, Ioana"]
[Black "Anton, Roxana Ana"]
[Result "1-0"]
[WhiteElo "2104"]
[BlackElo "1836"]
[PlyCount "77"]
[EventDate "2014.04.06"]
[EventType "tourn"]
[EventRounds "10"]
[EventCountry "ROU"]
[SourceTitle "CBM 160 Extra"]
[Source "ChessBase"]
[SourceDate "2014.07.01"]
[SourceVersion "1"]
[SourceVersionDate "2014.07.01"]
[SourceQuality "1"]

1. e4 e6 2. d4 d5 3. Nc3 Nf6 4. e5 Nfd7 5. f4 c5 6. Nf3 Nc6 7. Be3 a6 8. Qd2 b5 9. a3 Qb6 10. Ne2 cxd4 11. Nexd4 Nc5 12. Qc3 Bb7 13. Nb3 d4 14. Nfxd4 Nxd4 15. Bxd4 Rc8 16. Na5 Bc6 17. b4 Na4 18. Qd2 Qc7 19. c4 bxc4 20. Bxc4 Bb5 21. Rc1 Qd7 22. 0-0 Rd8 23. Rfd1 Be7 24. Bxb5 axb5 25. Nc6 Ra8 26. Nxe7 Qxe7 27. Qe2 Qb7 28. f5 exf5 29. e6 0-0 30. Qe5 f6 31. Qxf5 Qe7 32. Re1 Rfd8 33. Bf2 Nb2 34. Bc5 Qb7 35. e7 Re8 36. Rc3 Nc4 37. Rh3 h6 38. Rg3 Rxa3 39. Qg6 1-0

[Event "ROM-ch (Women)"]
[Site "Sarata Monteoru"]
[Date "2012.02.15"]
[Round "3"]
[White "Sonfalean, Maria Laura"]
[Black "Anton, Roxana Ana"]
[Result "0-1"]
[WhiteElo "1628"]
[BlackElo "1859"]
[PlyCount "52"]
[EventDate "2012.02.13"]
[EventType "swiss"]
[EventRounds "9"]
[EventCountry "ROU"]
[SourceTitle "CBM 147 Extra"]
[Source "ChessBase"]
[SourceDate "2012.04.24"]
[SourceVersion "1"]
[SourceVersionDate "2012.04.24"]
[SourceQuality "1"]

1. e4 e6 2. d4 d5 3. exd5 exd5 4. Bd3 Nc6 5. c3 Bd6 6. Nf3 Bg4 7. Nbd2 Nge7 8. 0-0 Qd7 9. Re1 f6 10. Qc2 g6 11. Nh4 0-0-0 12. b4 Rdg8 13. b5 Nd8 14. Qa4 Kb8 15. Rb1 g5 16. Nhf3 h5 17. Rb3 Nc8 18. Ba3 Bxf3 19. Nxf3 h4 20. Bc5 g4 21. Nd2 g3 22. fxg3 hxg3 23. h3 Rxh3 24. gxh3 Qxh3 25. b6 Qh2+ 26. Kf1 Qf2# 0-1

[Event "EU-chT U18 Girls"]
[Site "Iasi"]
[Date "2011.07.21"]
[Round "7.1"]
[White "Anton, Roxana Ana"]
[Black "Dragieva, Denitza"]
[Result "0-1"]
[WhiteElo "1836"]
[BlackElo "1885"]
[PlyCount "78"]
[EventDate "2011.07.15"]
[EventType "team-tourn"]
[EventRounds "7"]
[EventCountry "ROU"]
[SourceTitle "CBM 143 Extra"]
[Source "ChessBase"]
[SourceDate "2011.08.29"]
[SourceVersion "1"]
[SourceVersionDate "2011.08.29"]
[SourceQuality "1"]
[WhiteTeam "Romania U18 Girls III"]
[BlackTeam "Bulgaria U18 Girls"]
[WhiteTeamCountry "ROU"]
[BlackTeamCountry "BUL"]

1. e4 e5 2. Nf3 Nc6 3. Bb5 a6 4. Ba4 Nf6 5. d3 b5 6. Bb3 Be7 7. c3 d6 8. Nbd2 0-0 9. 0-0 Na5 10. Bc2 c5 11. Re1 Nc6 12. Nf1 Re8 13. Ng3 h6 14. h3 Be6 15. Nf5 Bf8 16. Nh2 d5 17. Qf3 Kh7 18. Ne3 d4 19. Neg4 Be7 20. Qg3 Nxg4 21. Nxg4 Bh4 22. Qf3 Bg5 23. Qg3 Bxc1 24. Rexc1 Qg5 25. Qf3 Red8 26. Rd1 Rac8 27. Bb3 c4 28. dxc4 bxc4 29. Ba4 Ne7 30. g3 h5 31. Nh2 Bxh3 32. Qxf7 Rf8 33. Nf3 Qg4 34. Bd7 Qxf3 35. Qxf3 Rxf3 36. Bxc8 Bxc8 37. cxd4 Nc6 38. d5 Nd4 39. Kg2 Bg4 0-1

[Event "ROM-ch (Women)"]
[Site "Sarata Monteoru"]
[Date "2011.02.16"]
[Round "5"]
[White "Anton, Roxana Ana"]
[Black "Visanescu, Daria Ioana"]
[Result "0-1"]
[WhiteElo "1854"]
[BlackElo "1929"]
[PlyCount "54"]
[EventDate "2011.02.12"]
[EventType "swiss"]
[EventRounds "9"]
[EventCountry "ROU"]
[SourceTitle "CBM 140 Extra"]
[Source "ChessBase"]
[SourceDate "2011.03.01"]
[SourceVersion "1"]
[SourceVersionDate "2011.03.01"]
[SourceQuality "1"]

1. e4 c5 2. Nc3 Nc6 3. Bb5 Nd4 4. Bc4 e6 5. Nf3 Nf6 6. d3 a6 7. Nxd4 cxd4 8. Ne2 d5 9. exd5 exd5 10. Bb3 Bc5 11. 0-0 0-0 12. Bg5 Be6 13. Nf4 Bd6 14. Qf3 h6 15. Bxf6 Qxf6 16. Nxd5 Qxf3 17. gxf3 Rac8 18. c4 Bf5 19. Bc2 b5 20. b3 Be6 21. Ne3 dxe3 22. fxe3 Bh3 23. Rf2 Rfe8 24. Re2 Re6 25. d4 bxc4 26. bxc4 Rxc4 27. Kh1 Rxd4 0-1

[Event "ROM-ch (Women)"]
[Site "Sarata Monteoru"]
[Date "2011.02.15"]
[Round "4"]
[White "Ciocan, Maria Alexandra"]
[Black "Anton, Roxana Ana"]
[Result "0-1"]
[WhiteElo "1476"]
[BlackElo "1854"]
[PlyCount "64"]
[EventDate "2011.02.12"]
[EventType "swiss"]
[EventRounds "9"]
[EventCountry "ROU"]
[SourceTitle "CBM 140 Extra"]
[Source "ChessBase"]
[SourceDate "2011.03.01"]
[SourceVersion "1"]
[SourceVersionDate "2011.03.01"]
[SourceQuality "1"]

1. e4 e6 2. d4 d5 3. e5 c5 4. c3 Nc6 5. Nf3 Bd7 6. a3 Nge7 7. Nbd2 cxd4 8. cxd4 Nf5 9. Nb3 Qb6 10. g3 a5 11. a4 Bb4+ 12. Bd2 Nfxd4 13. Nbxd4 Nxd4 14. Bg2 Bxd2+ 15. Qxd2 Nb3 16. Qd1 Nxa1 17. Qxa1 Qb4+ 18. Ke2 Bxa4 19. Rc1 Bb5+ 20. Kd1 Qb3+ 21. Ke1 Qd3 22. Ng1 0-0 23. Rc3 Qf5 24. Re3 Rfc8 25. Nf3 Qc2 26. Nd4 Qc1+ 27. Qxc1 Rxc1+ 28. Kd2 Rc5 29. Rb3 Ba6 30. Bh3 Rc4 31. Nc2 Rac8 32. Ne3 Rd4+ 0-1

[Event "Wch U16 Girls"]
[Site "Porto Carras"]
[Date "2010.10.20"]
[Round "1"]
[White "Chumpitaz Carbajal, Ann"]
[Black "Anton, Roxana Ana"]
[Result "1-0"]
[WhiteElo "2150"]
[BlackElo "1879"]
[PlyCount "69"]
[EventDate "2010.10.20"]
[EventType "swiss"]
[EventRounds "11"]
[EventCountry "GRE"]
[SourceTitle "EXT 2011"]
[Source "ChessBase"]
[SourceDate "2010.11.26"]
[SourceVersion "1"]
[SourceVersionDate "2010.11.26"]
[SourceQuality "1"]

1. e4 e6 2. d4 d5 3. Nc3 Nf6 4. e5 Nfd7 5. f4 c5 6. Nf3 Nc6 7. Be3 Qb6 8. Qd2 cxd4 9. Nxd4 Bc5 10. Na4 Qb4 11. Nxc6 Qxd2+ 12. Bxd2 bxc6 13. Nxc5 Nxc5 14. Bb4 Nd7 15. Bd6 a5 16. c4 f6 17. cxd5 exd5 18. Rc1 Bb7 19. Be2 Kf7 20. Bg4 Nf8 21. 0-0 h5 22. Bh3 Ne6 23. Rfe1 Rhe8 24. g3 g5 25. exf6 gxf4 26. gxf4 Kxf6 27. Be5+ Kf7 28. Kf2 Rg8 29. Re3 Ra6 30. Rb3 Bc8 31. Bf1 a4 32. Rb8 Ra7 33. Be2 Ke7 34. Rxc6 Kd7 35. Bb5 1-0